Films en images - S - Statistiques

Statistiques générales
  • Ce quiz a été pris 415 fois
  • Le résultat moyen est 10 sur 16
Statistiques - réponses
Par images Réponse % Correct
Spider-Man
97%
La Soupe aux choux
93%
Shining
91%
Star Wars
91%
Le Seigneur des Anneaux
88%
Seul sur Mars
81%
Shutter Island
72%
Scary Movie
67%
Seven
61%
Slumdog Millionaire
57%
Sauver Willy
52%
Le Silence des agneaux
51%
Skyfall
48%
Sex and the city
32%
Sleepy Hollow
29%
Samba
12%
Aucun quiz correspondant
Distribution des résultats
% des personnes avec chaque résultat
Percentile par nombre de réponses
Votre historique - résultats
Vous n’avez pas pris ce quiz